000 00602nam a2200229Ia 4500
003 OSt
005 20221007080916.0
006 a|||||r|||| 00| 0
007 ta
008 221006b |||||||| |||| 00| 0 eng d
024 _a11,015
037 _cTextual
040 _aFLL
_cFLL
_beng
041 _2eng
_aeng
082 _aS650Z, K1
100 _aToch Hans
_934919
245 0 _aLegal and criminal psychology
260 _aNew York
_bHolt Rinehart and Winston U.S.A.
_c1961
300 _axviii,426p
_ccm.
942 _hS650Z, K1
_cTEXL
_2CC
999 _c1161319
_d1161319